| 000 | 01043nas a2200265 a 4500 | ||
|---|---|---|---|
| 005 | 2009080606436.0 | ||
| 008 | 891227u1966uuuuat fn p 0 0eng d | ||
| 010 | _aENG-94647 | ||
| 020 |
_a8189537393 _c900.00 |
||
| 035 | _aEN-78180 | ||
| 037 | _bDBAD / PUB | ||
| 040 |
_adpl _bEnglish |
||
| 082 | _a324.254075 | ||
| 100 | _aSrivastava, Arun | ||
| 245 |
_aRed & black : _bwhat wrong with the Communist Party of India (Marxist) / _cby Arun Srivastava |
||
| 260 |
_aDelhi _bYash Publications _c2009 |
||
| 270 |
_aX/909, Chand Mohalla, Gandhi Nagar, _bDelhi _e110031 |
||
| 300 |
_a304p. _c21cm(Hb) |
||
| 500 | _aIncludes references and index | ||
| 610 | _aCommunist Party of India (Marxist) | ||
| 650 |
_aPolitical parties _zIndia |
||
| 710 | _aPaul Avrich Collection (Library of Congress) | ||
| 942 |
_2ddc _cEN _mSRI _h324.254075 |
||
| 999 |
_c28937 _d28937 |
||